[Event "GER-ch U25-A"]
[Site "Willingen"]
[Date "2017.06.07"]
[Round "6"]
[White "Hinrichs, Paul"]
[Black "Rupp, Andreas"]
[Result "1-0"]
[WhiteElo "1910"]
[BlackElo "1632"]
[PlyCount "81"]
[EventDate "2017.06.04"]
[EventType "swiss"]
[EventRounds "9"]
[EventCountry "GER"]
[SourceTitle "CBM 178 Extra"]
[Source "ChessBase"]
[SourceDate "2017.06.22"]
[SourceVersion "1"]
[SourceVersionDate "2017.06.22"]
[SourceQuality "1"]

1. d4 Nf6 2. c4 e5 3. dxe5 Ne4 4. Nf3 Nc6 5. Nbd2 Nxd2 6. Bxd2 d6 7. Bc3 Be6 8. exd6 Bxd6 9. e3 0-0 10. Be2 Qe7 11. a3 Rfd8 12. Qc2 a5 13. 0-0 Bg4 14. Rfd1 h6 15. Nd4 Nxd4 16. Bxd4 Qg5 17. Bxg4 Qxg4 18. h3 Qg5 19. Qe4 b6 20. Bc3 Re8 21. Qf3 Qc5 22. Qd5 Rad8 23. Kf1 c6 24. Qxc5 Bxc5 25. Ke2 f6 26. Rxd8 Rxd8 27. Rd1 Rxd1 28. Kxd1 Kf7 29. Bd4 Bxd4 30. exd4 Ke6 31. Ke2 Kf5 32. Ke3 g6 33. b4 axb4 34. axb4 Ke6 35. h4 h5 36. f3 Kf5 37. g3 g5 38. f4 gxf4+ 39. gxf4 Kg4 40. d5 cxd5 41. cxd5 1-0

[Event "GER-ch U25-A"]
[Site "Willingen"]
[Date "2016.05.21"]
[Round "9"]
[White "Frohnhaeuser, Simon"]
[Black "Rupp, Andreas"]
[Result "1-0"]
[WhiteElo "1559"]
[BlackElo "1562"]
[PlyCount "51"]
[EventDate "2016.05.15"]
[EventType "swiss"]
[EventRounds "9"]
[EventCountry "GER"]
[SourceTitle "CBM 172 Extra"]
[Source "ChessBase"]
[SourceDate "2016.06.21"]
[SourceVersion "1"]
[SourceVersionDate "2016.06.21"]
[SourceQuality "1"]

1. e4 e5 2. Nf3 Nc6 3. Bc4 Nf6 4. d3 Be7 5. 0-0 d6 6. Re1 0-0 7. a4 Kh8 8. a5 a6 9. Nbd2 Ng8 10. Qe2 f5 11. exf5 Bxf5 12. h3 Qd7 13. Bd5 Nf6 14. Bxc6 Qxc6 15. Ne4 Nxe4 16. dxe4 Be6 17. Bg5 Bxg5 18. Nxg5 Rf6 19. Ra3 Qd7 20. Nxe6 Rxe6 21. Rb3 c6 22. Qg4 Qe7 23. Ree3 Rg6 24. Qf5 Rf8 25. Rxb7 Qe8 26. Qd7 1-0

[Event "Mittelfranken-chTB2b 1415"]
[Site "Mittelfranken"]
[Date "2014.12.14"]
[Round "4.8"]
[White "Gstaltmeyr, Karl"]
[Black "Rupp, Andreas"]
[Result "1/2-1/2"]
[WhiteElo "1700"]
[BlackElo "1556"]
[PlyCount "49"]
[EventDate "2014.09.28"]
[EventType "team-tourn"]
[EventRounds "9"]
[EventCountry "GER"]
[SourceTitle "EXT 2020"]
[Source "ChessBase"]
[SourceDate "2019.10.17"]
[SourceVersion "1"]
[SourceVersionDate "2019.10.17"]
[SourceQuality "1"]
[WhiteTeam "Schwanstetten"]
[BlackTeam "Erlangen SC III"]
[WhiteTeamCountry "GER"]
[BlackTeamCountry "GER"]

1. d4 d5 2. Nf3 Nf6 3. c3 Bf5 4. Nbd2 Nc6 5. e3 g6 6. h3 Bg7 7. Nh4 Bd7 8. Bd3 e5 9. g4 e4 10. Be2 Be6 11. Ng2 Ne7 12. Nb3 Nd7 13. Nf4 Nc6 14. h4 Nb6 15. Nxe6 fxe6 16. Nc5 Qc8 17. g5 Bf8 18. Bg4 Bxc5 19. dxc5 Nc4 20. b3 N4e5 21. 0-0 Nxg4 22. Qxg4 0-0 23. f4 exf3 24. Rxf3 Rxf3 25. Qxf3 1/2-1/2